Intervención jurídica y socioeducativa con las menores infractoras en centros de internamiento. Una revisión preliminar

Crime committed by women has experienced significant variations in recent years. It is a small number of women minors who commit offenses that lead to a prison-sentence, and so, they have generated very little social or scientific attention. Nevertheless, this is a very vulnerable population, often...

Full description

Saved in:  
Bibliographic Details
Authors: Bas Peña, Encarnación (Author) ; Guirao González, Ana (Author)
Format: Electronic Article
Language:Spanish
Published: 2014
In: Revista policía y seguridad pública
Year: 2014
Online Access: Volltext (kostenfrei)
Volltext (kostenfrei)
Check availability: HBZ Gateway

MARC

LEADER 00000caa a22000002c 4500
001 1866924605
003 DE-627
005 20250121054914.0
007 cr uuu---uuuuu
008 231021s2014 xx |||||o 00| ||spa c
024 7 |a 10.5377/rpsp.v3i1.1332  |2 doi 
035 |a (DE-627)1866924605 
035 |a (DE-599)KXP1866924605 
040 |a DE-627  |b ger  |c DE-627  |e rda 
041 |a spa 
084 |a 2,1  |2 ssgn 
100 1 |a Bas Peña, Encarnación  |e VerfasserIn  |4 aut 
245 1 0 |a Intervención jurídica y socioeducativa con las menores infractoras en centros de internamiento. Una revisión preliminar 
264 1 |c 2014 
336 |a Text  |b txt  |2 rdacontent 
337 |a Computermedien  |b c  |2 rdamedia 
338 |a Online-Ressource  |b cr  |2 rdacarrier 
520 |a Crime committed by women has experienced significant variations in recent years. It is a small number of women minors who commit offenses that lead to a prison-sentence, and so, they have generated very little social or scientific attention. Nevertheless, this is a very vulnerable population, often overlooked in the academic and institutional spheres. After brief historical mention of some of the interventions that have sought to correct the conduct of these women who deviated from the socially and culturally assigned role, we describe the present-day situation of young offenders of Spain. We examine the implementation of the law of criminal responsibility of minors, noting the most relevant issues and gender-related discrimination that becomes evident when –in contexts of the prison and in socio-educational performance– there are sanctions that it would be appropriate to eliminateDOI: http://dx.doi.org/10.5377/rpsp.v3i1.1332La delincuencia cometida por mujeres ha experimentado en los últimos años significativas variaciones. El reducido número de mujeres menores de edad que cometen infracciones penales ha originado una escasa atención social y científica, aunque nos encontramos ante un colectivo muy vulnerable que, a menudo, ha sido ignorado en el ámbito académico e institucional. Tras realizar una breve mención histórica de algunas de las intervenciones que han pretendido corregir la conducta de aquellas que se apartaban del papel que social y culturalmente les estaba asignado, se describirá la situación de las menores infractoras españolas en la actualidad, examinando la implementación de la ley de responsabilidad penal del menor, destacando las problemáticas más relevantes y las discriminaciones por razón de género que se aprecian cuando se aplican medidas sancionadoras en contextos de encierro; así como qué actuaciones socioeducativas sería conveniente realizar para contribuir a su eliminación.DOI: http://dx.doi.org/10.5377/rpsp.v3i1.133 
700 1 |a Guirao González, Ana  |e VerfasserIn  |4 aut 
773 0 8 |i Enthalten in  |t Revista policía y seguridad pública  |d Santa Tecla, La Libertad, El Salv. : CINC-ANSP, 2011  |g (2014)  |w (DE-627)730275833  |w (DE-600)2690899-2  |w (DE-576)375593942  |x 2225-5648  |7 nnas 
773 1 8 |g year:2014 
856 |u https://www.camjol.info/index.php/RPSP/article/download/1332/1154  |x unpaywall  |z Vermutlich kostenfreier Zugang  |h publisher [deprecated] 
856 4 0 |u https://core.ac.uk/download/236030695.pdf  |x Verlag  |z kostenfrei  |3 Volltext  |7 0 
856 4 0 |u https://doi.org/10.5377/rpsp.v3i1.1332  |x Resolving-System  |z kostenfrei  |3 Volltext  |7 0 
935 |a mkri 
951 |a AR 
ELC |a 1 
LOK |0 000 xxxxxcx a22 zn 4500 
LOK |0 001 4394734665 
LOK |0 003 DE-627 
LOK |0 004 1866924605 
LOK |0 005 20231021043637 
LOK |0 008 231021||||||||||||||||ger||||||| 
LOK |0 035   |a (DE-2619)CORE71137188 
LOK |0 040   |a DE-2619  |c DE-627  |d DE-2619 
LOK |0 092   |o n 
LOK |0 852   |a DE-2619 
LOK |0 852 1  |9 00 
LOK |0 935   |a core 
LOK |0 939   |a 21-10-23  |b l01 
OAS |a 1 
ORI |a SA-MARC-krimdoka001.raw